[Event "Washington Open Championship"]
[Site "Lynnwood, WA"]
[Date "2015.05.25"]
[Round "5"]
[White "Zarzhevskiy Jacob  (WA)"]
[Black "Haining Breck  (WA)"]
[Result "1-0"]
[WhiteElo "1059"]
[BlackElo "1311"]
[Annotator ""]
[Source ""]
[Remark "Booster"]

1.Nf3 g6 2.g3 Bg7 3.Bg2 Nf6 4.d3 d5 5.O-O O-O 6.c4 c6 7.Nc3 Ng4
8.Bd2 Na6 9.Qc1 Nc7 10.h3 Ne5 11.Nxe5 Bxe5 12.Bh6 Re8 13.Bf4
Qd6 14.Bxe5 Qxe5 15.Qd2 Be6 16.d4 Qf6 17.cxd5 Nxd5 18.e3 Nxc3
19.Qxc3 Rac8 20.a3 Red8 21.Rac1 Bd5 22.Rfd1 Bxg2 23.Kxg2 e6 24.Rc2
Rc7 25.Rdc1 Qe7 26.Qd2 e5 27.Qc3 exd4 28.exd4 Qd6 29.Rd2 Qd5+
30.Kg1 Re7 31.Rd3 Qf5 32.h4 Re2 33.Rf3 Qe6 34.Re3 Rxe3 35.fxe3
Qg4 36.Kg2 Qe4+ 37.Kh3 Re8 38.Re1 Qf3 39.e4 Qf6 40.e5 Qe6+ 41.Kh2
h5 42.Qf3 Rd8 43.Re4 Rd7 44.Qe3 Kg7 45.Rf4 b6 46.Rf6 Qd5 47.Rf4
Qc4 48.Qc3 Qe2+ 49.Kh1 c5 50.dxc5 {??} Rd2 {??} ( 50...Rd1+ 51.Rf1
Rxf1# ) 51.e6+ Kg8 52.exf7+ Kf8 53.Qh8+ Ke7 54.f8Q+ Kd7 55.Rd4+
Kc6 56.Qd6+ Kb7 57.Qg7+ Ka6 58.Rxd2 Qf1+ 59.Kh2 Ka5 60.Qxa7+
Kb5 61.Qaxb6+ Kc4 62.Rc2# 1-0

[Event "Washington Open Championship"]
[Site "Lynnwood, WA"]
[Date "2015.05.25"]
[Round "5"]
[White "Schill William  (WA)"]
[Black "Norovsambuu Badamkhand  (WA)"]
[Result "1/2-1/2"]
[WhiteElo "2245"]
[BlackElo "2034"]
[Annotator ""]
[Source ""]
[Remark "Open"]

1.e4 c6 2.d4 d5 3.Nd2 dxe4 4.Nxe4 Bf5 5.Ng3 Bg6 6.h4 h6 7.Nf3
Nd7 8.h5 Bh7 9.Bd3 Bxd3 10.Qxd3 Ngf6 11.Bf4 e6 12.O-O-O Be7 13.Qe2
Rc8 14.Ne5 Nd5 15.Bd2 b5 16.f4 O-O 17.Ne4 c5 18.Qxb5 Nxe5 19.dxe5
Rb8 20.Qa6 Qc7 21.Ba5 Nb6 22.Qe2 Qc6 23.c4 Qa4 24.Bxb6 Rxb6 25.b3
Qa3+ 26.Qb2 Qa6 27.Rd7 Rb7 28.Rxb7 Qxb7 29.Qc2 a5 30.a4 Rb8 31.Kb2
Rd8 32.Re1 Rd4 33.Re2 Bf8 34.g4 Be7 35.Ka2 Kh8 36.g5 hxg5 37.fxg5
Qb8 38.g6 fxg6 39.hxg6 Qxe5 40.Rh2+ Kg8 41.Qf2 Bf6 42.Nxf6+ Qxf6
43.Qg2 Rd1 44.Qa8+ Qd8 45.Qxd8+ Rxd8 46.Rh5 Rc8 47.Kb2 Rc6 48.Kc3
Kf8 49.Rh8+ Ke7 50.Ra8 Kf6 51.Rxa5 Kxg6 52.Ra7 Kf6 53.a5 g5 54.Kd3
Ke5 55.Ke3 g4 56.Rg7 Ra6 57.Rxg4 Rxa5 58.Rg5+
{Nothing worse than getting both scoresheets and still not being able to
decipher the moves. In this case, the game went on until move 60, it appears, before a draw was agreed upon.}
 1/2-1/2

[Event "Washington Open Championship"]
[Site "Lynnwood, WA"]
[Date "2015.05.25"]
[Round "5"]
[White "Kam Ethan  (WA)"]
[Black "Haining Karen  (WA)"]
[Result "0-1"]
[WhiteElo "1245"]
[BlackElo "1069"]
[Annotator ""]
[Source ""]
[Remark "Booster"]

1.d4 Nf6 2.c4 e6 3.Nc3 Bb4 4.Bd2 Bxc3 5.Bxc3 b6 6.Nf3 Bb7 7.e3
d6 8.Be2 Nbd7 9.Qc2 Rc8 10.O-O O-O 11.Rfd1 Qe7 12.h3 c5 13.Rac1
Rfd8 14.a3 h6 15.b4 Be4 16.Qb2 Qe8 17.Nd2 Bb7 18.Bf3 Bxf3 19.Nxf3
Ne4 20.dxc5 Nxc3 21.Qxc3 dxc5 22.b5 Nf6 23.Ne5 Rc7 24.Nc6 Rdc8
25.Rd2 Ne4 26.Qc2 Nxd2 27.Qxd2 Qd7 28.Qc2 a6 29.Rd1 Qe8 30.a4
axb5 31.axb5 Rd7 32.Rc1 Ra8 33.Kh2 Qc8 34.Rd1 Qc7+ 35.g3 Rxd1
36.Qxd1 Ra2 37.Kg2 g6 38.Qf3 Kg7 39.Qd1 Ra8 40.Qd3 Rc8 41.Qc3+
f6 42.Qd3 Rf8 43.Qe4 Qd6 44.Qb1 Rf7 45.Qa2 Rd7 46.Qa6 Qd3 47.Qxb6
Qxc4 48.Na5 Qd5+ 49.Kh2 g5 50.Qa6 Qf3 51.Qc6 Qxc6 52.bxc6 Rc7
53.Kg1 c4 54.Kf1 Kf7 55.Ke2 Ke7 56.Kd2 Kd6 57.Nxc4+ Kxc6 58.Na5+
Kd5 59.Kd3 Rc1 60.e4+ Kd6 61.Nc4+ Ke7 62.Ne3 Rh1 63.Ke2 Rxh3
64.Kf3 Rh1 65.Ke2 Ra1 66.Ng4 h5 67.Ne3 Kf7 68.Nc4 f5 69.e5 Ke7
70.Nd6 Ra5 71.Nc8+ Kd8 72.Nd6 Rxe5+ 73.Kf3 Ke7 74.Nc8+ Kf6 75.Nb6
Rb5 76.Nd7+ Ke7 77.g4 hxg4+ 78.Ke3 Kxd7 0-1

[Event "Washington Open Championship"]
[Site "Lynnwood, WA"]
[Date "2015.05.25"]
[Round "5"]
[White "Hwang Matthew  (WA)"]
[Black "Sweeden Holden  (WA)"]
[Result "0-1"]
[WhiteElo "1134"]
[BlackElo "1659"]
[Annotator ""]
[Source ""]
[Remark "Booster"]

1.e4 e5 2.Nf3 Nc6 3.Bb5 a6 4.Bxc6 dxc6 5.O-O Bd6 6.d4 Bg4 7.dxe5
Bxf3 8.Qxf3 Bxe5 9.Nc3 Nf6 10.Rd1 Qe7 11.Bg5 O-O 12.Re1 Rad8
13.Kh1 Rd6 14.Qe2 h6 15.Bh4 g5 16.Bg3 Bxg3 17.hxg3 Nd7 18.Rad1
Ne5 19.Kg1 Qf6 20.Rf1 Qg6 21.f4 gxf4 22.gxf4 Ng4 23.f5 Qh5 24.g3
Rxd1 25.Nxd1 Qg5 26.Rf4 Ne5 27.Kh1 f6 28.Ne3 h5 29.Rh4 Rd8 30.Rxh5
Qg7 31.Kg2 Kf7 32.Rh1 Rg8 33.Rh3 Rd8 34.Qh5+ Ke7 35.Qh7 Rd2+
36.Kf1 Kf7 37.Qh5+ Ke7 38.Ke1 Rd8 39.Qe2 Kd7 40.Nc4 Qe7 41.Nxe5+
Qxe5 42.c3 Re8 43.g4 Qxe4 44.Qxe4 Rxe4+ 45.Kf2 Rxg4 46.Rg3 Rxg3
47.Kxg3 Kd6 48.Kf4 Kd5 49.b3 c5 50.a3 a5 51.b4 cxb4 52.cxb4 axb4
53.axb4 b5 54.Kg3 Ke5 55.Kg4 Ke4 56.Kg3 Kxf5 57.Kf3 Ke5 58.Ke3
Kd5 59.Kd3 f5 60.Ke3 Kc4 61.Kf4 Kxb4 62.Kxf5 Kc3 63.Ke4 c5 64.Kd5
c4 65.Kc5 b4 66.Kb5 b3 67.Ka4 b2 68.Ka3 b1Q 69.Ka4 Qb4# 0-1

[Event "Washington Open Championship"]
[Site "Lynnwood, WA"]
[Date "2015.05.25"]
[Round "5"]
[White "Carpenter Romie  (MT)"]
[Black "Yee Nathaniel  (WA)"]
[Result "1/2-1/2"]
[WhiteElo "1800"]
[BlackElo "1857"]
[Annotator ""]
[Source ""]
[Remark "Premier"]

1.Nf3 Nf6 2.c4 e6 3.g3 d5 4.d4 c6 5.b3 Be7 6.Bg2 O-O 7.O-O Nbd7
8.Bb2 b6 9.Nbd2 Bb7 10.Rc1 Rc8 11.Ne5 Nxe5 12.dxe5 Nd7 13.e4
Nc5 14.exd5 cxd5 15.Nf3 dxc4 16.Rxc4 Ba6 17.Rd4 Qc7 18.Re1 Rfd8
19.Rxd8+ Qxd8 20.Qxd8+ Rxd8 21.Ba3 Rd7 22.Bxc5 Bxc5 23.Bf1 Bb7
24.Be2 h6 25.Rd1 Rc7 26.Kf1 Bb4 27.Rd8+ Kh7 28.Bd3+ g6 29.Ke2
Kg7 30.Nd2 Be7 31.Rd4 a6 32.Be4 Bxe4 33.Nxe4 f6 34.exf6+ Bxf6
35.Nxf6 Kxf6 36.Rd2 g5 37.f3 h5 38.Kf2 Kf5 39.Ke2 a5 40.Kf2 b5
41.Ke2 b4 42.Ke3 Rc3+ 43.Rd3 Rc1 44.Rd2 Rc5 45.Rd3 e5 46.h3 g4
47.fxg4+ hxg4 48.h4 a4 49.bxa4 Ra5 50.a3 Rxa4 51.axb4 Rxb4 52.Rc3
Rb2 53.Rc8 Rg2 54.Rf8+ Ke6 55.h5 Rxg3+ 56.Kf2 Rh3 57.Rh8 Kf6
58.h6 Kg6 59.Rg8+ Kf7 60.Rh8 e4 1/2-1/2

[Event "Washington Open Championship"]
[Site "Lynnwood, WA"]
[Date "2015.05.25"]
[Round "5"]
[White "Kannan Aditya  (WA)"]
[Black "Hou Frank  (WA)"]
[Result "1-0"]
[WhiteElo "1664"]
[BlackElo "1684"]
[Annotator ""]
[Source ""]
[Remark "Premier"]

1.e4 c5 2.Nf3 Nc6 3.Bb5 d6 4.c3 Bd7 5.O-O a6 6.Ba4 b5 7.Bc2 Nf6
8.Re1 Qc7 9.d4 cxd4 10.cxd4 e5 11.dxe5 dxe5 12.Nc3 Bc5 13.Bg5
Ng4 14.Bh4 f6 15.h3 Nh6 16.Nd5 Qa7 17.Qd2 Rd8 18.Nxf6+ Kf8 19.Nd5
Re8 20.Rad1 Re6 21.b4 Bd6 22.a3 Rg6 23.Kh1 Nf7 24.Bb3 Be6 25.Ng5
Nxg5 26.Bxg5 Nd4 27.Qe3 Qf7 28.Bh4 Ke8 29.f4 Nxb3 30.f5 Rh6 31.fxe6
Qxe6 32.Qxb3 a5 33.Bg3 Rf8 34.Qd3 axb4 35.axb4 Rf7 36.Qxb5+ Kf8
37.Qd3 Rd7 38.Rf1+ Kg8 39.Qc2 Rb7 40.Qc6 Rb8 41.Rc1 Rg6 42.Bh2
Rg5 43.b5 Rd8 44.Nc7 Qg6 45.Rc2 Rc8 46.Qd7 Rf8 47.Rxf8+ Bxf8
48.Qe6+ Kh8 49.Qxg6 Rxg6 50.Nd5 Re6 51.b6 h6 52.Rc8 g5 53.Rxf8+
Kg7 54.Rc8 h5 55.b7 g4 56.b8Q gxh3 57.gxh3 Kg6 58.Bxe5 h4 59.Rc2
Rxe5 60.Qxe5 Kh6 1-0

[Event "Washington Open Championship"]
[Site "Lynnwood, WA"]
[Date "2015.05.25"]
[Round "5"]
[White "Ahluwalia Anshul  (WA)"]
[Black "Abdul-Mujeeb Numan  (WA)"]
[Result "1/2-1/2"]
[WhiteElo "1484"]
[BlackElo "1653"]
[Annotator ""]
[Source ""]
[Remark "Premier"]

1.d4 e6 2.c4 d5 3.Nf3 Nf6 4.g3 Be7 5.Bg2 c6 6.O-O O-O 7.Qc2 Nbd7
8.Nbd2 Re8 9.e4 dxc4 10.Nxc4 Nf8 11.Rd1 h6 12.Nce5 N6d7 13.Bf4
Nxe5 14.Nxe5 Bg5 15.Bxg5 Qxg5 16.Nc4 Rd8 17.e5 Rb8 18.Nd6 Nd7
19.Be4 c5 20.f4 Qe7 21.dxc5 f5 22.Bg2 h5 23.b4 h4 24.b5 g5 25.c6
bxc6 26.bxc6 Rf8 27.cxd7 Bxd7 28.Qf2 hxg3 29.Qxg3 g4 30.Rab1
a5 31.Rb7 Rxb7 32.Bxb7 Ba4 33.Rc1 Qh7 34.Qa3 Bd7 35.Rc7 Qh6 36.Rxd7
Qxf4 37.Qg3 Qc1+ 38.Kg2 Qb2+ 39.Qf2 Qxe5 40.Nc8 Qf6 41.Ne7+ Kh8
42.Qh4+ Qxh4 43.Ng6+ Kg8 44.Nxh4 Rf6 45.Rd6 f4 46.Bd5 Kf7 47.Rxe6
Rxe6 48.Bxe6+ Kxe6 49.Ng6 Kf5 50.Ne7+ Ke6 51.Nc6 a4 52.Nd4+ Kd5
53.Nb5 Kc4 1/2-1/2

[Event "Washington Open Championship"]
[Site "Lynnwood, WA"]
[Date "2015.05.25"]
[Round "5"]
[White "Gottumukkala Ananth  (WA)"]
[Black "Moroney Timothy  (WA)"]
[Result "0-1"]
[WhiteElo "1636"]
[BlackElo "2034"]
[Annotator ""]
[Source ""]
[Remark "Open"]

1.e4 c5 2.d4 cxd4 3.c3 Nf6 4.e5 Nd5 5.Nf3 e6 6.cxd4 d6 7.exd6
Bxd6 8.Nc3 Nxc3 9.bxc3 Nd7 10.Bd3 Qc7 11.O-O O-O 12.Bb2 b6 13.c4
Bb7 14.Rc1 h6 15.Re1 Rfe8 16.Be4 Rac8 17.Bxb7 Qxb7 18.Qd3 Qa6
19.Qb3 Rc7 20.d5 e5 21.Nd4 Bf8 22.Qb5 Qc8 23.Nc6 Nc5 24.Nxe5
a6 25.Qxb6 Rb7 26.Qa5 Rxb2 27.Nc6 Rxe1+ 28.Rxe1 Qf5 29.f3 Qc2 0-1

[Event "Washington Open Championship"]
[Site "Lynnwood, WA"]
[Date "2015.05.25"]
[Round "6"]
[White "Moroney Timothy  (WA)"]
[Black "Thomas Damarcus  (WA)"]
[Result "0-1"]
[WhiteElo "2034"]
[BlackElo "1978"]
[Annotator ""]
[Source ""]
[Remark "Open"]

1.c4 c6 2.g3 d5 3.Nf3 dxc4 4.Bg2 Nf6 5.O-O g6 6.Na3 Bg7 7.Nxc4
O-O 8.d3 Nbd7 9.Rb1 Nb6 10.Ncd2 Be6 11.a3 Qd7 12.Re1 Bh3 13.Bh1
Rfd8 14.Qc2 Qg4 15.Nf1 Qh5 16.b3 Ng4 17.Bb2 e5 18.Bg2 Nd5 19.d4
Bxg2 20.Kxg2 exd4 21.Rbd1 c5 0-1

[Event "Washington Open Championship"]
[Site "Lynnwood, WA"]
[Date "2015.05.25"]
[Round "6"]
[White "Doknjas Neil  (CAN)"]
[Black "Campbell Tim  (WA)"]
[Result "1-0"]
[WhiteElo "1823"]
[BlackElo "1713"]
[Annotator ""]
[Source ""]
[Remark "Premier"]

1.e4 c5 2.Nf3 Nc6 3.d4 cxd4 4.Nxd4 g6 5.Nc3 Bg7 6.Be3 Nf6 7.Nxc6
bxc6 8.e5 Ng8 9.Bd4 c5 10.Bxc5 Bxe5 11.Qd5 Bxc3+ 12.bxc3 Qa5
13.Kd2 Rb8 14.Qe5 Nf6 15.Qxe7# 1-0

[Event "Washington Open Championship"]
[Site "Lynnwood, WA"]
[Date "2015.05.25"]
[Round "6"]
[White "Norovsambuu Badamkhand  (WA)"]
[Black "Bragg David  (WA)"]
[Result "1/2-1/2"]
[WhiteElo "2034"]
[BlackElo "2210"]
[Annotator ""]
[Source ""]
[Remark "Open"]

1.d4 Nf6 2.c4 g6 3.Nc3 Bg7 4.e4 d6 5.Nf3 O-O 6.Be2 e5 7.dxe5
dxe5 8.Qxd8 Rxd8 9.Bg5 Re8 10.O-O-O h6 11.Bh4 Na6 12.Nd2 b6 13.Nd5
g5 14.Bg3 c6 15.Nxf6+ Bxf6 16.f3 Be6 17.Nf1 Bg7 18.Ne3 f6 19.Be1
Bf8 20.Bc3 Rad8 1/2-1/2

[Event "Washington Open Championship"]
[Site "Lynnwood, WA"]
[Date "2015.05.25"]
[Round "6"]
[White "Casey Braxton  (WA)"]
[Black "Sweeden Holden  (WA)"]
[Result "0-1"]
[WhiteElo "1124"]
[BlackElo "1659"]
[Annotator ""]
[Source ""]
[Remark "Booster"]

1.b4 e5 2.Bb2 d6 3.Nf3 Bg4 4.h3 Bh5 5.g4 Bg6 6.Nh4 Qxh4 7.Bg2
c6 8.b5 Nf6 9.d4 Be4 10.Bxe4 Nxe4 11.Qd3 Nxf2 12.Qf3 Nxh1+ 13.Kf1
Ng3+ 14.Kg1 e4 15.Qe3 d5 16.Nd2 Bd6 17.Nf1 Bf4 18.Qf2 Qxh3 19.Nxg3
Bxg3 20.Qg2 Qxg4 21.Bc1 h5 22.Bd2 h4 23.Be1 Qf4 24.Bxg3 hxg3
25.Rf1 Qe3+ 26.Qf2 gxf2+ 27.Rxf2 Rh1+ 28.Kxh1 Qxf2 29.bxc6 Nxc6
30.e3 O-O-O 31.c4 Rh8# 0-1

[Event "Washington Open Championship"]
[Site "Lynnwood, WA"]
[Date "2015.05.25"]
[Round "6"]
[White "Grassy Brock  (WA)"]
[Black "Varner Murlin  (WA)"]
[Result "1-0"]
[WhiteElo "1464"]
[BlackElo "1639"]
[Annotator ""]
[Source ""]
[Remark "Reserve"]

1.e4 e6 2.d4 d5 3.e5 c5 4.c3 Nc6 5.Nf3 Be7 6.Be2 f6 7.exf6 Nxf6
8.O-O O-O 9.Be3 c4 10.b3 b5 11.b4 Ne4 12.Nfd2 Ng5 13.Nf3 a5 14.a3
Nxf3+ 15.Bxf3 axb4 16.cxb4 Nxb4 17.Nc3 Nd3 18.Nxb5 Bd7 19.a4
Bg5 20.Qd2 Bxe3 21.Qxe3 Qa5 22.h3 Nb4 23.Qe2 Qb6 24.Qd2 Nd3 25.Qe3
Nb2 26.Rfb1 Nxa4 27.Bd1 Bxb5 28.Bxa4 Ra5 29.Rxb5 Rxb5 30.Bxb5
Qxb5 31.Qxe6+ Kh8 32.Qf7 Rg8 33.Re1 c3 34.Qf4 h6 35.Rc1 Qd3 36.Qc7
Qxd4 37.Qxc3 Qxc3 38.Rxc3 d4 39.Rd3 Rd8 40.f4 Kg8 41.Kf2 Kf7
42.Kf3 Kf6 43.Ke4 Re8+ 44.Kxd4 Kf5 45.g3 h5 46.Re3 Rd8+ 47.Kc5
g6 48.Re5+ Kf6 49.Rd5 Ra8 50.Rd6+ Kf5 51.h4 Ra3 52.Rd5+ Ke4 53.Rg5
Ra5+ 54.Kc4 Rxg5 55.hxg5 Kf3 {??} ( 55...h4 56.gxh4 Kxf4 {=} )
56.f5 1-0

[Event "Washington Open Championship"]
[Site "Lynnwood, WA"]
[Date "2015.05.25"]
[Round "6"]
[White "Feng Roland  (WA)"]
[Black "Dixon Dakota  (WA)"]
[Result "1-0"]
[WhiteElo "2345"]
[BlackElo "2137"]
[Annotator ""]
[Source ""]
[Remark "Open"]

1.d4 Nf6 2.c4 g6 3.Nc3 Bg7 4.Nf3 O-O 5.Bg5 d6 6.e3 Nbd7 7.Be2
e5 8.Qc2 c6 9.O-O h6 10.Bh4 a6 11.dxe5 dxe5 12.Rad1 Qe8 13.Nd2
Nh7 14.Nde4 g5 15.Nd6 Qe6 16.Bg3 f5 17.c5 Kh8 18.Bc4 Qe7 19.Nxf5
Qxc5 20.Ne4 Qa5 21.Ne7 Nhf6 {Mate in 5.} 1-0

[Event "Washington Open Championship"]
[Site "Lynnwood, WA"]
[Date "2015.05.25"]
[Round "6"]
[White "Sinanan Joshua  (WA)"]
[Black "Airapetian Chouchanik (WA)"]
[Result "1/2-1/2"]
[WhiteElo "2271"]
[BlackElo "2048"]
[Annotator ""]
[Source ""]
[Remark "Open"]

1.d4 Nf6 2.c4 g6 3.Nc3 Bg7 4.e4 d6 5.Nge2 O-O 6.Ng3 e5 7.d5 c6
8.Be2 h5 9.Bg5 Qb6 10.Qd2 cxd5 11.cxd5 Ng4 12.Bxg4 Bxg4 13.f3
Bd7 14.O-O-O Na6 15.Bh6 f6 16.Be3 1/2-1/2

[Event "Washington Open Championship"]
[Site "Lynnwood, WA"]
[Date "2015.05.25"]
[Round "6"]
[White "Villavieja Butch  (CAN)"]
[Black "Ramasamy Vikram  (WA)"]
[Result "1-0"]
[WhiteElo "2238"]
[BlackElo "1888"]
[Annotator ""]
[Source ""]
[Remark "Open"]

1.e4 Nf6 2.e5 Nd5 3.d4 d6 4.Nf3 Bg4 5.Be2 e6 6.c4 Nb6 7.exd6
cxd6 8.O-O Be7 9.Be3 O-O 10.Nbd2 Nc6 11.Rc1 Bf6 12.Ne4 Be7 13.Ng3
d5 14.c5 Bxf3 15.gxf3 Nd7 16.f4 Rc8 17.a3 b6 18.b4 bxc5 19.bxc5
Qa5 20.Qd3 Rb8 21.Bd1 g6 22.Kh1 Bf6 23.Rg1 Kh8 24.f5 exf5 25.Nxf5
gxf5 26.Qxf5 Ne7 27.Qxd7 Qxa3 28.Qd6 Bh4 29.Qe5+ f6 30.Qxe7 {Mate in 8.}
 1-0

[Event "Washington Open Championship"]
[Site "Lynnwood, WA"]
[Date "2015.05.25"]
[Round "6"]
[White "Olin Neo  (WA)"]
[Black "Eversole Joseph  (WA)"]
[Result "1-0"]
[WhiteElo "2034"]
[BlackElo "1900"]
[Annotator ""]
[Source ""]
[Remark "Open"]

1.e4 e5 2.Nf3 Nc6 3.Bc4 Bc5 4.b4 Bxb4 5.c3 Ba5 6.d4 Qe7 7.Ba3
d6 8.d5 Nd4 9.Nfd2 Bb6 10.Bb2 Bg4 11.Qc1 f5 12.cxd4 exd4 13.O-O
f4 14.Bb5+ Bd7 15.Bxd7+ Kxd7 16.Na3 c5 17.dxc6+ bxc6 18.Nac4
c5 19.Re1 Nh6 20.Nf3 g5 21.Rb1 Rhf8 22.e5 d5 23.Nxb6+ axb6 24.Bxd4
Rfb8 25.e6+ Ke8 26.Be5 Rb7 27.Qd2 Rd8 28.Qd3 Ng8 29.Qf5 h6 30.Qg6+
Kf8 31.h4 Re8 1-0

[Event "Washington Open Championship"]
[Site "Lynnwood, WA"]
[Date "2015.05.25"]
[Round "6"]
[White "Bishop Alan  (WA)"]
[Black "Colasurdo James  (WA)"]
[Result "0-1"]
[WhiteElo "2053"]
[BlackElo "2047"]
[Annotator ""]
[Source ""]
[Remark "Open"]

1.e4 c5 2.Nf3 g6 3.d4 cxd4 4.Nxd4 Bg7 5.Be3 Nf6 6.Nc3 Nc6 7.Bc4
Qa5 8.O-O O-O 9.Nb3 Qc7 10.Be2 a6 11.f4 d6 12.g4 b5 13.g5 Nd7
14.Nd5 Qd8 15.Nd4 Bb7 16.Bf3 Nxd4 17.Bxd4 e5 18.Bc3 Bxd5 19.Qxd5
Nb6 20.Qb7 exf4 21.Bf6 Bxf6 22.gxf6 Nc4 23.Qe7 Qb6+ 24.Kh1 Ra7 0-1

[Event "Washington Open Championship"]
[Site "Lynnwood, WA"]
[Date "2015.05.25"]
[Round "6"]
[White "Davis Frederick  (WA)"]
[Black "Mitchell Mika  (WA)"]
[Result "1/2-1/2"]
[WhiteElo "1836"]
[BlackElo "1807"]
[Annotator ""]
[Source ""]
[Remark "Premier"]

1.e4 c6 2.d4 d6 3.Nc3 Qc7 4.h3 Nd7 5.Nf3 e5 6.dxe5 Nxe5 7.Be2
Be7 8.O-O Nf6 9.a4 a5 10.Be3 Nfd7 11.Nd4 Nb6 12.b3 Bf6 13.Rb1
O-O 14.f4 Ng6 15.Bd3 Re8 16.Qh5 Nd7 17.Nde2 b6 18.g4 Nc5 19.g5
Bxc3 20.Nxc3 Nxd3 21.cxd3 d5 22.Qf3 Ba6 23.Rfd1 dxe4 24.dxe4
c5 1/2-1/2

[Event "Washington Open Championship"]
[Site "Lynnwood, WA"]
[Date "2015.05.25"]
[Round "6"]
[White "Doknjas Joshua  (CAN)"]
[Black "Cozianu Costin  (WA)"]
[Result "1/2-1/2"]
[WhiteElo "2098"]
[BlackElo "2455"]
[Annotator ""]
[Source ""]
[Remark "Open"]

1.e4 e5 2.Nf3 Nc6 3.Bc4 Bc5 4.c3 Nf6 5.d3 d6 6.Bb3 Bb6 7.O-O
Ne7 8.Nbd2 c6 9.h3 Ng6 10.Re1 O-O 11.d4 h6 12.Bc2 Nh7 13.Nf1
Ng5 14.Be3 Qf6 15.Nxg5 hxg5 16.Nh2 Nf4 17.Ng4 Bxg4 18.hxg4 exd4
19.cxd4 Ne6 20.Qd3 Nxd4 21.e5 Qg6 22.Qxg6 fxg6 23.Bxg6 dxe5 24.Bxg5
Ne6 25.Be3 Nd4 26.Bf5 Rad8 27.Bg6 a5 28.g3 1/2-1/2

[Event "Washington Open Championship"]
[Site "Lynnwood, WA"]
[Date "2015.05.25"]
[Round "6"]
[White "Richards Jerrold  (WA)"]
[Black "Kirlin Patrick  (WA)"]
[Result "0-1"]
[WhiteElo "1446"]
[BlackElo "1438"]
[Annotator ""]
[Source ""]
[Remark "Reserve"]

1.c4 e5 2.g3 d5 3.cxd5 Qxd5 4.Nf3 e4 5.Nc3 Qc6 6.Nd4 Qd7 7.e3
Nc6 8.Nxc6 Qxc6 9.Bg2 f5 10.d3 Nf6 11.dxe4 Nxe4 12.Nxe4 Bb4+
13.Bd2 Bxd2+ 14.Qxd2 fxe4 15.Rc1 Qe6 16.b3 Qe5 17.Qc3 Qxc3+ 18.Rxc3
c6 19.Bxe4 Bh3 20.Ke2 O-O 21.Rd1 Rae8 22.f3 Re5 23.Rd4 h5 24.Bg6
Rg5 25.Rd6 h4 26.f4 hxg3 27.fxg5 Rf2+ 28.Kd3 Bf1+ 29.Ke4 gxh2
30.Bh7+ Kxh7 31.g6+ Kh6 32.Ke5 h1Q 33.Rc1 Qh5+ 34.Kd4 Rd2+ 0-1

[Event "Washington Open Championship"]
[Site "Lynnwood, WA"]
[Date "2015.05.25"]
[Round "6"]
[White "Rajesh Anirudh  (WA)"]
[Black "Burt Gavin  (WA)"]
[Result "1-0"]
[WhiteElo "1007"]
[BlackElo "521"]
[Annotator ""]
[Source ""]
[Remark "Booster"]

1.d4 d5 2.c4 e6 3.Nc3 Nf6 4.Nf3 Be7 5.Bd2 O-O 6.e3 Nbd7 7.Bd3
dxc4 8.Bxc4 c5 9.O-O Qc7 10.Bd3 cxd4 11.exd4 e5 12.Nb5 Qb8 13.dxe5
Nxe5 14.Bf4 Nxf3+ 15.Qxf3 Qxf4 16.Qxf4 Rd8 17.Rad1 Bg4 18.f3
Bd7 19.Nc3 Rac8 20.Rfe1 Bc5+ 21.Kh1 h6 22.Ne4 Nd5 23.Qh4 Be7
24.Qg3 Rc6 25.Nc3 Bd6 26.Qh4 g5 27.Qxh6 Nf6 28.Qxf6 Bc7 29.Qxg5+
Kf8 30.Bh7 Be6 31.Rxd8+ Bxd8 32.Qxd8+ Kg7 33.Qg8+ Kf6 34.Qh8+
Kg5 35.Re5+ Kh6 36.Bb1# 1-0

[Event "Washington Open Championship"]
[Site "Lynnwood, WA"]
[Date "2015.05.25"]
[Round "6"]
[White "He Daniel  (WA)"]
[Black "Saputra Yogi  (OR)"]
[Result "1-0"]
[WhiteElo "2253"]
[BlackElo "2106"]
[Annotator ""]
[Source ""]
[Remark "Open"]

1.e4 e5 2.Nf3 Nc6 3.Bb5 a6 4.Ba4 Nf6 5.d3 b5 6.Bb3 Be7 7.a4 b4
8.a5 d6 9.Nbd2 O-O 10.O-O Be6 11.Re1 Qc8 12.c3 bxc3 13.bxc3 Rd8
14.Ng5 Bxb3 15.Qxb3 d5 16.exd5 Rxd5 17.Nc4 Rb8 18.Qc2 Qd7 19.Nf3
Rbb5 20.Bb2 Qf5 21.Ne3 Qxd3 22.c4 Qxc2 23.Nxc2 Rxb2 24.cxd5 Nxd5
25.Rac1 f6 26.Ne3 Ndb4 27.Red1 Nxa5 28.Rxc7 Nbc6 29.Rc1 e4 30.Nh4
Nd4 31.Rd1 Nac6 32.Nhf5 Nxf5 33.Nxf5 1-0

[Event "Washington Open Championship"]
[Site "Lynnwood, WA"]
[Date "2015.05.25"]
[Round "6"]
[White "Pogrebinsky Ethan  (WA)"]
[Black "Qian Daniel  (WA)"]
[Result "0-1"]
[WhiteElo "960"]
[BlackElo "1041"]
[Annotator ""]
[Source ""]
[Remark "Booster"]

1.e4 e5 2.Nf3 Nc6 3.d4 exd4 4.Nxd4 Bc5 5.Be3 Bb6 6.Nc3 d6 7.Bb5
Bd7 8.O-O h6 9.a4 Nf6 10.f4 O-O 11.Bxc6 Bxc6 12.a5 Bxd4 13.Qxd4
Re8 14.e5 dxe5 15.fxe5 Qxd4 16.Bxd4 Nd5 17.a6 b6 18.b4 Nxb4 19.Rf2
Rad8 20.Rd2 Rxe5 21.Rad1 Ree8 22.Ra1 Nxc2 23.Rxc2 Rxd4 24.Ne2
Rd6 25.Rac1 Bb5 26.Rxc7 Bxa6 27.Ng3 Kf8 28.Rxa7 Bc8 29.Ra8 Bd7
30.Ra7 Bg4 31.Rc4 Be6 32.Rf4 b5 33.Rf1 Bc4 34.Nf5 Rf6 35.Rf4
Re1+ 36.Kf2 Re2+ 37.Kf1 Re7+ 38.Rxc4 Rxf5+ 39.Kg1 Re1# 0-1

[Event "Washington Open Championship"]
[Site "Lynnwood, WA"]
[Date "2015.05.25"]
[Round "6"]
[White "Zarzhevskiy Jacob  (WA)"]
[Black "Haining Karen  (WA)"]
[Result "1/2-1/2"]
[WhiteElo "1059"]
[BlackElo "1069"]
[Annotator ""]
[Source ""]
[Remark "Booster"]

1.Nf3 Nc6 2.g3 Nf6 3.Bg2 e6 4.d3 h6 5.O-O Bc5 6.c4 O-O 7.Nc3
Re8 8.Bd2 d6 9.a3 e5 10.b4 Bb6 11.b5 Ne7 12.Na4 c6 13.Nxb6 Qxb6
14.a4 Qc7 15.Bb4 Bd7 16.Qc1 Ng6 17.Re1 d5 18.bxc6 Bxc6 19.cxd5
Nxd5 20.Bd2 Qd7 21.a5 Nf6 22.Bc3 e4 23.dxe4 Nxe4 24.Bb2 Ba4 25.Qc4
Bb5 26.Qd4 Qxd4 27.Bxd4 Nd6 28.e3 Bc6 29.Red1 Nb5 30.Bb2 Rad8
31.Nd4 Bxg2 32.Kxg2 Nxd4 33.Bxd4 a6 34.Rab1 Rd7 35.Rdc1 Ne5 36.Rb3
Nc6 37.Bb6 Re5 38.Rcb1 Nxa5 39.Bxa5 Rxa5 40.Rxb7 Rd8 41.Ra7 1/2-1/2

[Event "Washington Open Championship"]
[Site "Lynnwood, WA"]
[Date "2015.05.25"]
[Round "6"]
[White "Menkov Artjom  (WA)"]
[Black "Beck Alec  (WA)"]
[Result "1-0"]
[WhiteElo "1504"]
[BlackElo "1424"]
[Annotator ""]
[Source ""]
[Remark "Reserve"]

1.e4 e6 2.d4 d5 3.Nd2 Nf6 4.e5 Nfd7 5.f4 c5 6.c3 Nc6 7.Ndf3 Qb6
8.g3 Be7 9.Ne2 cxd4 10.cxd4 Bb4+ 11.Kf2 f6 12.Bh3 Nd8 13.Kg2
O-O 14.a3 Be7 15.Rf1 fxe5 16.fxe5 Nb8 17.b4 Nbc6 18.Qd3 Nf7 19.Nf4
Ncd8 20.Bd2 Bg5 21.Rac1 Bxf4 22.gxf4 Nh6 23.a4 Bd7 24.a5 Qb5
25.Qxb5 Bxb5 26.Rg1 Bc4 27.Kf2 Nf5 28.Bf1 Bxf1 29.Kxf1 Nc6 30.a6
Ncxd4 31.Nxd4 Nxd4 32.axb7 Rab8 33.Rc7 g6 34.Kf2 Nb5 35.Re7 Rfe8
36.Rxe8+ Rxe8 37.Rc1 Kf7 38.Rc8 Nd6 39.exd6 d4 40.Rxe8 d3 41.d7
e5 42.d8Q Kg7 43.fxe5 h5 44.Qe7# 1-0

[Event "Washington Open Championship"]
[Site "Lynnwood, WA"]
[Date "2015.05.25"]
[Round "6"]
[White "Hendricks David  (WA)"]
[Black "Yeo Joey  (WA)"]
[Result "1/2-1/2"]
[WhiteElo "1672"]
[BlackElo "1489"]
[Annotator ""]
[Source ""]
[Remark "Reserve"]

1.d4 Nf6 2.Bf4 d6 3.Nf3 g6 4.e3 Bg7 5.c4 Bf5 6.Nc3 Nc6 7.Be2
O-O 8.O-O Rc8 9.a3 a6 10.b4 d5 11.Rc1 Qd7 12.c5 Nd8 13.Qb3 b5
14.cxb6 cxb6 15.Bxa6 Ra8 16.Bb5 Qb7 17.Na4 Ne4 18.Rc7 Qb8 19.Rxe7
Qc8 20.Rc7 Qe6 21.Bd7 Qe7 22.Bxf5 Qf6 23.Bxe4 dxe4 24.Be5 Qe6
25.Qxe6 Nxe6 26.Rb7 exf3 27.Nxb6 fxg2 28.Ra1 Rad8 29.Bxg7 Kxg7
30.h4 Kh6 31.d5 Ng7 32.Kxg2 f5 33.Rc1 f4 34.Rcc7 fxe3 35.Rxg7
Rxf2+ 36.Kg1 Kh5 37.Rbe7 ( 37.Rxh7+ ) Rdf8 38.Rxh7+ Kg4 39.Re4+
Kg3 40.Rxe3+ Kg4 41.Re1 Kg3 1/2-1/2

[Event "Washington Open Championship"]
[Site "Lynnwood, WA"]
[Date "2015.05.25"]
[Round "6"]
[White "Olson Travis  (WA)"]
[Black "Kuhner Mary  (WA)"]
[Result "1/2-1/2"]
[WhiteElo "1823"]
[BlackElo "1843"]
[Annotator ""]
[Source ""]
[Remark "Premier"]

1.d4 e6 2.e4 d5 3.Nd2 Nf6 4.e5 Nfd7 5.Bd3 b6 6.Qe2 c5 7.c3 a5
8.f4 Ba6 9.Bxa6 Nxa6 10.Ngf3 cxd4 11.cxd4 Nb4 12.O-O Be7 13.Nb1
Qc7 14.Nc3 Qb7 15.a3 Nc6 16.Be3 O-O 17.f5 Qa6 18.Qf2 Qd3 19.Ne1
Qc4 20.f6 Nxf6 21.exf6 Bxf6 22.Rd1 b5 23.Qg3 Bxd4 24.Rxd4 Nxd4
25.Bh6 g6 26.Qe5 f6 27.Rxf6 Rxf6 28.Qxf6 Nf5 29.Qxe6+ Kh8 30.Qf6+
Kg8 31.Qe6+ Kh8 32.Qe5+ Kg8 33.Qe6+ Kh8 34.Qf6+ Kg8 35.Qe6+ 1/2-1/2